LIBRARY ONLINE CATALOGUE

Physics / (Record no. 10697)

MARC details
000 -LEADER
fixed length control field 00693cam a22002292 4500
001 - CONTROL NUMBER
control field 0000003696
005 - DATE AND TIME OF LATEST TRANSACTION
control field 20151217154342.0
008 - FIXED-LENGTH DATA ELEMENTS--GENERAL INFORMATION
fixed length control field 070514s xx 000 0 eng d
020 ## - INTERNATIONAL STANDARD BOOK NUMBER
International Standard Book Number 0852267711 (part I) :
Terms of availability KES 840
020 ## - INTERNATIONAL STANDARD BOOK NUMBER
International Standard Book Number 085226772X (part II)
040 ## - CATALOGING SOURCE
Original cataloging agency KABU
Transcribing agency KABU
050 #0 - LIBRARY OF CONGRESS CALL NUMBER
Classification number QC21.2
Item number .H35 1991
100 1# - MAIN ENTRY--PERSONAL NAME
Personal name Halliday, David.
-- 0000081654
245 10 - TITLE STATEMENT
Title Physics /
Statement of responsibility, etc. David Halliday, Robert Resnick.
260 ## - PUBLICATION, DISTRIBUTION, ETC. (IMPRINT)
Place of publication, distribution, etc. New Delhi :
Name of publisher, distributor, etc. Wiley Eastern Limited,
Date of publication, distribution, etc. 1991.
300 ## - PHYSICAL DESCRIPTION
Extent 2 v.
650 #0 - SUBJECT ADDED ENTRY--TOPICAL TERM
Topical term or geographic name as entry element Physics.
-- 0000153778
700 1# - ADDED ENTRY--PERSONAL NAME
Personal name Resnick, Robert.
-- 0000153782
908 ## - PUT COMMAND PARAMETER (RLIN)
Put command parameter 070514
950 ## - LOCAL HOLDINGS (RLIN)
-- 1
Holdings
Withdrawn status Lost status Source of classification or shelving scheme Not for loan Home library Current library Date acquired Total Checkouts Total Renewals Full call number Barcode Date last seen Date last checked out Price effective from Koha item type
    Library of Congress Classification   Kabarak, Main Campus Kabarak, Main Campus 17/12/2015 7 1 QC21.2 .H35 1991 V. II C. 1 004894 14/04/2026 12/04/2026 17/12/2015 General Collection